书目信息 |
| 题名: |
英汉商务新词库
|
|
| 作者: | 胡志勇 主编 | |
| 分册: | ||
| 出版信息: | 上海 上海科学技术文献出版社 2007.08 |
|
| 页数: | 412页 | |
| 开本: | 17cm | |
| 丛书名: | 英汉新词库系列丛书 | |
| 单 册: | ||
| 中图分类: | F7-61 | |
| 科图分类: | ||
| 主题词: | 商务--shang wu--英语--汉语--词典 | |
| 电子资源: | ||
| ISBN: | 978-7-5439-3142-8 | |
| 000 | 01027nam 2200277 450 | |
| 001 | 012008882293 | |
| 005 | 20080414120210.81 | |
| 010 | @a978-7-5439-3142-8@dCNY28.00 | |
| 100 | @a20080414d2007 em y0chiy0120 ea | |
| 101 | 0 | @achi@aeng |
| 102 | @aCN@b310000 | |
| 105 | @ay ae 000yy | |
| 106 | @ar | |
| 200 | 1 | @a英汉商务新词库@Aying han shang wu xin ci ku@d= A new English-Chinese dictionary of commerce@f胡志勇主编@Fhu zhi yong zhu bian@zeng |
| 210 | @a上海@c上海科学技术文献出版社@d2007.08 | |
| 215 | @a412页@d17cm | |
| 225 | 2 | @a英汉新词库系列丛书@Aying han xin ci ku xi lie cong shu |
| 320 | @a有书目 | |
| 330 | @a本书共收入了国际商务、经贸常用词汇与短语近5万条。包括:经济、对外贸易、金融、货币、税收、会计、统计等相关领域。 | |
| 410 | 0 | @12001 @a英汉新词库系列丛书 |
| 510 | 1 | @aNew English-Chinese dictionary of commerce@zeng |
| 606 | 0 | @a商务@Ashang wu@x英语@x汉语@j词典 |
| 690 | @aF7-61@v4 | |
| 701 | 0 | @a胡志勇@Ahu zhi yong@4主编 |
| 801 | 0 | @aCN@bQSSK@c20080414 |
| 905 | @b291460-62@dF7-61@eH538@f3 | |
| 英汉商务新词库= A new English-Chinese dictionary of commerce/胡志勇主编.-上海:上海科学技术文献出版社,2007.08 |
| 412页;17cm.-(英汉新词库系列丛书) |
| ISBN 978-7-5439-3142-8:CNY28.00 |
| 本书共收入了国际商务、经贸常用词汇与短语近5万条。包括:经济、对外贸易、金融、货币、税收、会计、统计等相关领域。 |
| ● |
| 相关链接 |
|
|
|
正题名:英汉商务新词库
索取号:F7-61/H538
 
预约/预借
| 序号 | 登录号 | 条形码 | 馆藏地/架位号 | 状态 | 备注 |
| 1 | 291460 | 202914604 | 社科二线422/409社科库 40排4列4层/ [索取号:F7-61/H538] | 在馆 | |
| 2 | 291461 | 202914613 | 社科库409/409社科库 40排4列4层/ [索取号:F7-61/H538] | 在馆 | |
| 3 | 291462 | 202914622 | 社科库409/409社科库 40排4列4层/ [索取号:F7-61/H538] | 在馆 |